000
00473nam a2200145Ia 4500
008
090122s9999 xx 000 0 und d
082
_b
5501
_a
891.463
100
_a
मुळे
_b
ज्ञानेश्वर
245
_a
"माती, पंख आणि आकाश"
600
_a
मुळे
630
_a
"माती, पंख आणि आकाश"
700
_a
मुळे
730
_a
"माती, पंख आणि आकाश"
942
_c
BOOK
999
_c
29579
_d
29579